000 00654nam a2200205 4500
003 OSt
005 20260601171022.0
008 260520b1985\\\\mx\a||||\||||\00|\0\spa\d
040 _aICI
_bspa
_cICI
050 _aTS1
_b.A78 1985
100 _eautor
110 _aUniversidad Autónoma Metropolitana.
_bUnidad Azcapotzalco.
_bDivisión de Ciencias y Artes para el Diseño
245 _aArtefacto:
_bRevista de Diseño Industrial /
264 _aMéxico :
_bUAM-A, Ciencias y Artes para el Diseño,
_c1985.
300 _a56 páginas
336 _2rdacontent
_atexto
337 _2rdamedia
_asin medio
338 _2rdacarrier
_avolumen
942 _2lcc
_n0
_cB
999 _c20922
_d20922